The Undertaker's WrestleMania Opponents - Statistics

General Stats
  • This quiz has been taken 438 times
  • The average score is 22 of 28
Answer Stats
WrestleMania Opponent % Correct
WrestleMania XXX Brock Lesnar
97%
WrestleMania 25 Shawn Michaels
97%
WrestleMania XXVI Shawn Michaels
97%
WrestleMania X-7 Triple H
96%
WrestleMania XXVII Triple H
96%
WrestleMania XXVIII Triple H
96%
WrestleMania 34 John Cena
93%
WrestleMania XIV Kane
93%
WrestleMania XX Kane
93%
WrestleMania 33 Roman Reigns
92%
WrestleMania 21 Randy Orton
87%
WrestleMania 31 Bray Wyatt
86%
WrestleMania 29 CM Punk
85%
WrestleMania XXIV Edge
84%
WrestleMania 36 AJ Styles
83%
WrestleMania 23 Batista
83%
WrestleMania XIX Big Show
79%
WrestleMania X8 Ric Flair
78%
WrestleMania IX Giant Gonzalez
74%
WrestleMania 32 Shane McMahon
72%
WrestleMania 22 Mark Henry
71%
WrestleMania XII Diesel
63%
WrestleMania VII Jimmy "Superfly" Snuka
62%
WrestleMania 13 Psycho Sid
62%
WrestleMania XIX A-Train
58%
WrestleMania VIII Jake "The Snake" Roberts
57%
WrestleMania XV Big Boss Man
52%
WrestleMania XI King Kong Bundy
52%
No matching quizzes found
Score Distribution
Percent of People with Each Score
Percentile by Number Answered
Your Score History
You have not taken this quiz